00998nam a22002177a 45000010005000000030006000050050017000110080041000280400029000690500009000980820010001071000019001172450049001362600043001853000047002285050007002755200424002825210027007065210018007336500029007517658FISKH20250730094140.0250730b cb ||||| |||| 00| 0 eng d aFISKHbengcFISKHdFISKH aPZ7  a428.6 aMoyes, Lesley  aSaturday morning /cpictures by Lesley Moyes aWellington : bLearning Media, c1996. a12 pages : bcolor illustrations ; c21 cm aG  aSaturday Morning follows a young child's simple yet joyful routine as they explore the activities of a typical weekend morning. From waking up to breakfast, helping around the house, and playing outside, the story uses everyday language and familiar settings to support early reading skills. With repetitive sentence patterns and engaging illustrations, it is ideal for beginner readers building confidence and fluency.8 a300 bLexile estimate 8 aG bRaz-Plus  aMorning vFiction xKids